000 00825nam a2200277Ia 4500
003 OSt
005 20220912151223.0
006 a|||||r|||| 00| 0
007 ta
008 220909b |||||||| |||| 00| 0 eng d
024 _a43095
037 _cTextual
040 _aCSL
_beng
_cCSL
041 _aeng
082 _aE:21:(C9B78)p1,N77, L8
100 _aKelm H Ed.
111 _aInternational conference on high pressure chemistry (1977 : Greece)
245 0 _aProceeding on high pressure chemistry
260 _aDordrecht
_bD Reidel Publishers
_c1978
300 _avii, 600p.
_ccm.
490 _aNato advanced study institutes series; 41
650 _a Physical chemistry
650 _aChemistry
942 _hE:21:(C9B78)p1,N77, L8
_cTEXL
_2CC
999 _c63926
_d63926